000
00312nam a22001337a 4500
008
170927b xxu||||| |||| 00| 0 eng d
020
_a
9780312412517
041
_a
eng
080
_2
7TH
_a
37
100
_a
47
101
_a
EDU
245
_a
THE BEDFORD GUIDE FOR COLLEGE WRITERS
_c
KENNEDY,X,J
942
_2
udc
_c
BK
999
_c
30272
_d
30272